[Event "Druzynowe Mistrzostwa Polski Juniorow - I Liga 2023"]
[Site "Lublin"]
[Date "1899-12-30"]
[Round "9.25"]
[White "Gradalski, Olaf"]
[Black "Wnek, Filip"]
[Result "1-0"]
[WhiteTitle "k"]
[BlackTitle "I++"]
[WhiteElo "2061"]
[BlackElo "2057"]

1. e4 c5 2. c3 d5 3. exd5 Qxd5 4. d4 e6 5. Nf3 Nc6 6. Na3 a6 7. Nc4 Qd8 8. Be3
b5 9. Nce5 Nxe5 10. Nxe5 Qc7 11. a4 Rb8 12. axb5 cxd4 13. Bxd4 Nf6 14. bxa6 Bd6
15. a7 Ra8 16. Bb5+ Kf8 17. Nc4 Be7 18. Nb6 Bb7 19. Nxa8 Bxa8 20. Be2 e5 21. Be3
Bd6 22. Ra6 Ke7 23. Bb6 Qb7 24. f3 Nd5 25. Bf2 Qxb2 26. O-O Rd8 27. Rxd6 Rxd6
28. Bc5 Qxc3 29. Bxd6+ Kxd6 30. Kh1 Qe3 31. Bc4 Qxa7 32. Qb1 Ne3 33. Qb4+ Qc5
34. Qb8+ Ke7 35. Qxa8 Qxc4 36. Re1 Nf5 37. Rxe5+ Kf6 38. Re1 h6 39. Qe4 Qxe4 40.
Rxe4 g6 41. Kg1 Nd6 42. Ra4 Nf5 43. Kf2 Kg7 44. Ra6 Nd4 45. Ke3 Ne6 46. h4 h5
47. Rb6 Nc5 48. Kd4 Nd7 49. Rb7 Nf6 50. Ke5 Ne8 51. Rb6 Kf8 52. Rb8 Ke7 53. Rxe8+
Kxe8 54. Kf6 Kf8 55. f4 Kg8 56. f5 Kh7 57. Kxf7 gxf5 58. Kf6 f4 59. Kg5 1-0

[Event "Druzynowe Mistrzostwa Polski Juniorow - I Liga 2023"]
[Site "Lublin"]
[Date "1899-12-30"]
[Round "9.26"]
[White "Rainer, Piotr"]
[Black "Sputowski, Jakub"]
[Result "1-0"]
[WhiteTitle "I"]
[BlackTitle "I"]
[WhiteElo "1727"]
[BlackElo "1780"]

1. e4 c5 2. Nf3 e6 3. c4 Nc6 4. d4 cxd4 5. Nxd4 Bc5 6. Nc2 Nf6 7. Bd3 O-O 8. Nc3
d5 9. cxd5 exd5 10. exd5 Nb4 11. Nxb4 Bxb4 12. O-O Bxc3 13. bxc3 Qxd5 14. Qc2
b6 15. c4 Qc6 16. Bb2 Bb7 17. f3 h6 18. Kh1 Rac8 19. Rac1 Rfe8 20. Qb3 a6 21.
Bb1 Re2 22. Bd4 Rce8 23. Bxb6 Ng4 24. h3 Qf6 25. Bg1 Qh4 26. Qxb7 Rxg2 27. Qxf7+
Kxf7 28. fxg4+ Kg8 29. Kxg2 Re2+ 30. Rf2 Qe7 31. Rxe2 Qxe2+ 32. Bf2 Qb2 33. Re1
Kf7 34. c5 g6 35. c6 Qc3 36. Be4 h5 37. Bf3 hxg4 38. hxg4 Qa5 39. Bg3 Qxa2+ 40.
Re2 Qc4 41. c7 a5 42. Rf2 Ke7 43. Bb7 Qxg4 44. c8=Q 1-0

[Event "Druzynowe Mistrzostwa Polski Juniorow - I Liga 2023"]
[Site "Lublin"]
[Date "1899-12-30"]
[Round "9.27"]
[White "Liskiewicz, Jakub"]
[Black "Micula, Jakub"]
[Result "0-1"]
[WhiteTitle "I++"]
[BlackTitle "I"]
[WhiteElo "1970"]
[BlackElo "1666"]

1. d4 Nf6 2. Bg5 d5 3. Bxf6 exf6 4. e3 Bd6 5. c4 dxc4 6. Bxc4 O-O 7. Nc3 f5 8.
Nf3 Nd7 9. O-O c6 10. Qc2 Nf6 11. a3 Qe7 12. b4 a6 13. Bd3 g6 14. Na4 Be6 15.
Nb6 Rae8 16. Bc4 Bc7 17. Bxe6 Bxb6 18. Bc4 Bc7 19. g3 Ne4 20. Rab1 Bd6 21. Rb3
g5 22. Bd3 Qf6 23. a4 Qh6 24. Kg2 Re6 25. h4 gxh4 26. Nxh4 Qg5 27. Bxe4 fxe4 28.
Rh1 Kh8 29. Rh3 Rg8 30. Rb1 f5 31. Rbh1 Rh6 32. b5 axb5 33. axb5 cxb5 34. d5 Qf6
35. Qe2 b4 36. Qb5 Qf7 37. Qc4 Qf6 38. Qd4 Qxd4 39. exd4 Rf8 40. f3 Kg8 41. Re1
Rh5 42. Rhh1 Rg5 43. Rh3 Rc8 44. fxe4 fxe4 45. Rxe4 b3 46. Re3 Rc2+ 47. Kf3 b2
48. Rb3 Rc3+ 49. Rxc3 b1=Q 50. Rc8+ Kg7 51. Kg2 Qa2+ 52. Kg1 Qxd5 53. Rd8 Qxd4+
54. Kh1 Qd1+ 55. Kg2 Qe2+ 56. Kh1 Qe7 57. Ra8 Qe4+ 58. Kh2 Bxg3+ 59. Rxg3 Qxh4+
60. Rh3 Qf2+ 0-1

[Event "Druzynowe Mistrzostwa Polski Juniorow - I Liga 2023"]
[Site "Lublin"]
[Date "1899-12-30"]
[Round "9.28"]
[White "Kozak, Karol"]
[Black "Przybylski, Jan"]
[Result "1/2-1/2"]
[WhiteTitle "I"]
[BlackTitle "I+"]
[WhiteElo "1492"]
[BlackElo "1767"]

1. e4 e5 2. Nf3 Nc6 3. d4 exd4 4. Bc4 Nf6 5. e5 d5 6. Bb5 Ne4 7. Nxd4 Bd7 8. Bxc6
bxc6 9. O-O Be7 10. f3 Ng5 11. f4 Ne4 12. Nb3 g6 13. Be3 a5 14. N1d2 a4 15. Nxe4
axb3 16. Nc5 bxa2 17. Kh1 Bf5 18. Nb3 Qb8 19. Bd4 O-O 20. Nc5 Qb4 21. Nb3 c5 22.
Bc3 Qb5 23. Qxd5 Bxc2 24. Nd2 Rfd8 25. Qf3 Bd3 26. Rfe1 Bf5 27. h3 Qd3 28. Qc6
Qd5 29. Qxd5 Rxd5 30. g4 Bd3 31. e6 fxe6 32. Nf3 Bd6 33. Ng5 Bxf4 34. Nxe6 Bd6
35. h4 Bc4 36. Re4 Rd1+ 37. Rxd1 Bd5 38. Rxd5 a1=Q+ 39. Re1 Qa2 40. Nxc7 Bxc7
41. Rd7 Bf4 42. Rg7+ Kf8 43. Rxh7 Qd5+ 44. Kg1 Qf3 45. Rh8+ Kf7 46. Rh7+ 1/2-1/2

[Event "Druzynowe Mistrzostwa Polski Juniorow - I Liga 2023"]
[Site "Lublin"]
[Date "1899-12-30"]
[Round "9.29"]
[White "Mroz, Lena"]
[Black "Nowak, Zuzanna"]
[Result "1-0"]
[WhiteTitle "I++"]
[BlackTitle "I++"]
[WhiteElo "1691"]
[BlackElo "1419"]

1. e4 e5 2. Nf3 Nc6 3. Bb5 a6 4. Ba4 Nf6 5. d3 b5 6. Bb3 Bc5 7. O-O O-O 8. a4 Rb8
9. axb5 axb5 10. Be3 Bb6 11. Nc3 Re8 12. Bxb6 Rxb6 13. Re1 d6 14. h3 Rb8 15. Ne2
Ne7 16. c3 Ng6 17. Ng3 Bb7 18. Qc2 h6 19. d4 Qc8 20. d5 Nf4 21. c4 bxc4 22. Bxc4
c6 23. dxc6 Qxc6 24. Rac1 Rec8 25. Bxf7+ Kf8 26. Qd2 Qa6 27. Bc4 Qb6 28. b3 g6
29. Rcd1 Rd8 30. Qc2 Rbc8 31. Qd2 Ke7 32. Nh4 Kf8 33. Nxg6+ 1-0

[Event "Druzynowe Mistrzostwa Polski Juniorow - I Liga 2023"]
[Site "Lublin"]
[Date "1899-12-30"]
[Round "9.30"]
[White "Nowak, Emilia"]
[Black "Lajdamik, Kinga"]
[Result "1-0"]
[WhiteTitle "I"]
[BlackTitle "I++"]
[WhiteElo "1307"]
[BlackElo "1440"]

1. e4 c6 2. d4 d5 3. exd5 cxd5 4. Bd3 Nc6 5. c3 g6 6. Bf4 Bg7 7. h3 Nh6 8. Nf3
O-O 9. O-O f6 10. Re1 Nf7 11. Bg3 e5 12. dxe5 fxe5 13. Bb5 Re8 14. Nbd2 a6 15.
Ba4 b5 16. Bc2 Qb6 17. Nb3 Be6 18. Re2 Bf6 19. Qe1 Rad8 20. Rd1 g5 21. Nxe5 Nfxe5
22. Bxe5 Nxe5 23. Rxe5 Bxe5 24. Qxe5 Rd7 25. Nd4 Qc7 26. Qxg5+ Rg7 27. Nxe6 Rxe6
28. Qxd5 Qe5 29. Bb3 Qxd5 30. Bxd5 Kf7 31. Re1 1-0

[Event "Druzynowe Mistrzostwa Polski Juniorow - I Liga 2023"]
[Site "Lublin"]
[Date "1899-12-30"]
[Round "9.31"]
[White "Kozlowski, Franciszek"]
[Black "Maciaszek, Karol"]
[Result "1-0"]
[WhiteTitle "I+"]
[BlackTitle "I"]
[WhiteElo "1900"]
[BlackElo "1731"]

1. d4 Nf6 2. c4 c5 3. d5 b5 4. cxb5 a6 5. e3 g6 6. Nc3 Bg7 7. a4 O-O 8. Nf3 d6
9. Bd2 Nbd7 10. Bc4 Nb6 11. Qb3 Nxc4 12. Qxc4 Bb7 13. O-O axb5 14. axb5 Qc7 15.
h3 Rfb8 16. Ra3 Nd7 17. e4 Ra5 18. Rfa1 Rba8 19. Nd1 Rxa3 20. Rxa3 Qb8 21. Qb3
Nf6 22. Nc3 Ne8 23. b6 Ba6 24. e5 Qb7 25. Bf4 Rb8 26. Qa4 Bd3 27. Qc6 Bf5 28.
exd6 exd6 29. Qxb7 Rxb7 30. Ra8 Bd7 31. Ne4 Rxb6 32. Nxd6 Kf8 33. Rd8 Ke7 34.
Rxe8+ Bxe8 35. Nc8+ Kd8 36. Nxb6 Bxb2 37. Be3 Ba3 38. d6 Bb5 39. Bg5+ Ke8 40.
Ne5 h6 41. Bf6 Bf1 42. d7+ Kf8 43. d8=R# 1-0

[Event "Druzynowe Mistrzostwa Polski Juniorow - I Liga 2023"]
[Site "Lublin"]
[Date "1899-12-30"]
[Round "9.32"]
[White "Rajlich, Vaclav"]
[Black "Duda, Szymon"]
[Result "1-0"]
[WhiteTitle "I"]
[BlackTitle "I+"]
[WhiteElo "1572"]
[BlackElo "1928"]

1. e4 c5 2. Nf3 Nc6 3. d4 cxd4 4. Nxd4 Nf6 5. Nc3 e6 6. Ndb5 Bb4 7. a3 Bxc3+ 8.
Nxc3 d5 9. Bd3 O-O 10. O-O h6 11. Bf4 d4 12. Ne2 e5 13. Bd2 Re8 14. Ng3 Be6 15.
h3 Rc8 16. Qf3 Na5 17. b3 Nd7 18. Nf5 Bxf5 19. Qxf5 Nc6 20. f4 Ne7 21. Qg4 exf4
22. Bc4 Ng6 23. Qf5 Qe7 24. Bb4 Nc5 25. Qxg6 a5 26. Rxf4 Rf8 27. Raf1 1-0

[Event "Druzynowe Mistrzostwa Polski Juniorow - I Liga 2023"]
[Site "Lublin"]
[Date "1899-12-30"]
[Round "9.33"]
[White "Lapczynski, Jacek"]
[Black "Kisiel, Dominik"]
[Result "1-0"]
[WhiteTitle "II"]
[BlackTitle "II"]
[WhiteElo "1222"]
[BlackElo "1343"]

1. d4 Nf6 2. c4 g6 3. f3 Bg7 4. e4 d6 5. Nc3 O-O 6. Bg5 e5 7. dxe5 dxe5 8. Qxd8
Rxd8 9. Nd5 Nbd7 10. Nxc7 Rb8 11. Nd5 h6 12. Be3 Nxd5 13. cxd5 b6 14. Ne2 f5 15.
Nc3 Nf6 16. h3 f4 17. Bf2 g5 18. Bc4 Kh7 19. O-O-O a6 20. a4 Rd6 21. b3 Bb7 22.
Kb2 Rc8 23. Rc1 Nd7 24. Rc2 Nc5 25. Bxc5 Rxc5 26. Rhc1 Rd8 27. Na2 Bf8 28. Nb4
Rdc8 29. Bxa6 Rxc2+ 30. Rxc2 Bxb4 31. Bxb7 Rxc2+ 32. Kxc2 Kg7 33. Bc8 Kf7 34.
Kd3 Ke8 35. Kc4 Be7 36. Kb5 Kd8 37. Bb7 Kc7 38. Bc6 Bd8 39. b4 Kb8 40. d6 h5 41.
Kc4 h4 42. Kd5 b5 43. Bxb5 Kb7 44. Bc6+ Kb6 45. a5+ Ka7 46. Kxe5 Kb8 47. Kd5 g4
48. e5 gxh3 49. gxh3 Kc8 50. e6 Kb8 51. a6 Ka7 52. e7 Kxa6 53. exd8=Q Ka7 54.
Qc7+ 1-0

[Event "Druzynowe Mistrzostwa Polski Juniorow - I Liga 2023"]
[Site "Lublin"]
[Date "1899-12-30"]
[Round "9.34"]
[White "Bombinski, Michal"]
[Black "Chmiel, Krzysztof"]
[Result "0-1"]
[WhiteTitle "II"]
[BlackTitle "II"]
[WhiteElo "1248"]
[BlackElo "1298"]

1. c4 e5 2. Nc3 Nf6 3. d3 d5 4. cxd5 Nxd5 5. Nf3 Nxc3 6. bxc3 Bd6 7. g3 b6 8. Bg2
Bb7 9. O-O O-O 10. Bb2 Nd7 11. c4 Re8 12. d4 exd4 13. Qxd4 Nf6 14. e3 Bxf3 15.
Bxf3 Be5 16. Qxd8 Raxd8 17. Bxe5 Rxe5 18. Rad1 Ree8 19. Bc6 Rf8 20. Rd4 Rxd4 21.
exd4 Rd8 22. d5 g6 23. Re1 Kf8 24. Kg2 Nd7 25. Kf3 f6 26. Bxd7 Rxd7 27. Re6 Rd6
28. Ke4 Rxe6+ 29. dxe6 c6 30. f4 Ke7 31. f5 gxf5+ 32. Kxf5 b5 33. cxb5 cxb5 34.
h4 a5 35. h5 b4 36. g4 a4 37. g5 fxg5 38. Kxg5 b3 39. axb3 axb3 40. Kh6 Kxe6 41.
Kxh7 Kf7 42. h6 b2 43. Kh8 b1=Q 44. h7 Qa1# 0-1

[Event "Druzynowe Mistrzostwa Polski Juniorow - I Liga 2023"]
[Site "Lublin"]
[Date "1899-12-30"]
[Round "9.35"]
[White "Slusarczyk, Anna"]
[Black "Kicinska, Magdalena"]
[Result "1-0"]
[WhiteTitle "I++"]
[BlackTitle "I++"]
[WhiteElo "1735"]
[BlackElo "1562"]

1. d4 d5 2. Nf3 Nf6 3. b3 Bg4 4. Ne5 Bh5 5. Nd2 e6 6. Bb2 Nbd7 7. a3 c5 8. g3 cxd4
9. Bxd4 Nxe5 10. Bxe5 Bc5 11. Bh3 Ng4 12. Bxg4 Bxg4 13. b4 f6 14. Bb2 Bb6 15.
h3 Bh5 16. c4 dxc4 17. Nxc4 Bc7 18. Qa4+ Qd7 19. Qxd7+ Kxd7 20. b5 Rhd8 21. g4
Bg6 22. O-O Ke7 23. a4 Rd5 24. Bc3 Rad8 25. Rac1 Bf4 26. e3 Bb8 27. Bb4+ Kf7 28.
Na5 R8d7 29. Rc8 Bd6 30. Bxd6 R5xd6 31. Rfc1 Be4 32. R8c7 Bd5 33. Nc4 Bxc4 34.
Rxd7+ Rxd7 35. Rxc4 Ke7 36. Kg2 e5 37. Kf3 Ke6 38. Rc8 g6 39. g5 fxg5 40. Ke4
Re7 41. Rc5 Kf6 42. a5 h5 43. f3 g4 44. fxg4 hxg4 45. hxg4 Kg5 46. Rxe5+ Rxe5+
47. Kxe5 Kxg4 48. e4 Kf3 49. Kd5 g5 50. e5 g4 51. e6 g3 52. e7 g2 53. e8=Q g1=Q
54. Qe4+ Kf2 55. Qd4+ Kg2 56. Qxg1+ Kxg1 57. a6 bxa6 58. bxa6 Kf2 59. Kc6 Ke3
60. Kb7 1-0

[Event "Druzynowe Mistrzostwa Polski Juniorow - I Liga 2023"]
[Site "Lublin"]
[Date "1899-12-30"]
[Round "9.36"]
[White "Kicinska, Anna"]
[Black "Slusarczyk, Agnieszka"]
[Result "1-0"]
[WhiteTitle "I++"]
[BlackTitle "I"]
[WhiteElo "1424"]
[BlackElo "1400"]

1. d4 Nf6 2. Nf3 e6 3. Bg5 c5 4. c3 b6 5. Nbd2 Be7 6. e3 Bb7 7. Bd3 cxd4 8. exd4
O-O 9. O-O d6 10. Re1 Nbd7 11. Bxf6 Nxf6 12. Ne4 Bxe4 13. Bxe4 d5 14. Bc2 Qc7
15. Ne5 Nd7 16. Qd3 g6 17. Ng4 Nf6 18. Ne5 a6 19. Re3 Rfc8 20. Rf3 Rf8 21. Qe3
Qd8 22. Rh3 Re8 23. Qf4 Bf8 24. Nxf7 Kxf7 25. Rxh7+ Bg7 26. g4 Qb8 27. Qf3 Kg8
28. Rh3 Rf8 29. Bxg6 Nh5 30. Qe3 Nf4 31. Bh7+ Kf7 32. Rf3 Ke7 33. Bf5 Kd7 34.
Re1 Re8 35. Qxf4 Qxf4 36. Rxf4 exf5 37. Rxe8 Rxe8 38. Rxf5 Re1+ 39. Kg2 Ke6 40.
h4 Re2 41. Rg5 Bf6 42. Rg6 Kf7 43. h5 Bh4 44. Rxb6 Rxf2+ 45. Kh3 Bd8 46. Rd6 Ke7
47. Rxd5 Bc7 48. g5 Rh2+ 49. Kg4 Ke6 50. Rc5 Rg2+ 51. Kf3 Rg3+ 52. Kf2 Bd6 53.
Ra5 Rh3 54. h6 Rh2+ 55. Ke3 Rh3+ 56. Ke2 Rh2+ 57. Kd3 Rxb2 58. h7 Rh2 59. g6 Rh3+
60. Kc4 Rh6 61. g7 Rxh7 62. g8=Q+ Rf7 63. Rf5 Kxf5 64. Qxf7+ Kg4 65. Qg6+ Kh3
66. Qxd6 a5 67. Qg6 a4 68. Kd3 a3 69. Ke3 Kh2 70. Kf3 Kh1 71. Qg2# 1-0

[Event "Druzynowe Mistrzostwa Polski Juniorow - I Liga 2023"]
[Site "Lublin"]
[Date "1899-12-30"]
[Round "9.37"]
[White "Sidorczuk, Pawel"]
[Black "Kubik, Rafal"]
[Result "1/2-1/2"]
[WhiteTitle "I+"]
[BlackTitle "I++"]
[WhiteElo "2013"]
[BlackElo "2055"]

1. Nf3 Nf6 2. b3 g6 3. Bb2 Bg7 4. g3 b6 5. Bg2 Bb7 6. O-O O-O 7. d3 c5 8. e4 d6
9. Nbd2 Nbd7 10. a4 a6 11. Qe2 Ne8 12. Bxg7 Nxg7 13. Nc4 b5 14. Ne3 e5 15. Rfe1
Ne6 16. h4 Nd4 17. Qd1 b4 18. a5 Nb8 19. Nxd4 cxd4 20. Nc4 Bc8 21. Qd2 Nc6 22.
f4 Kg7 23. f5 Rb8 24. Rf1 f6 25. Bh3 d5 26. exd5 Ne7 27. d6 Nxf5 28. Bxf5 Bxf5
29. Rxf5 gxf5 30. Rf1 Qd7 31. Qf2 Kg6 32. Kh2 h5 33. Qf3 Rfc8 34. Rf2 Rc6 35.
Qd5 Rd8 36. Qf3 Rb8 1/2-1/2

[Event "Druzynowe Mistrzostwa Polski Juniorow - I Liga 2023"]
[Site "Lublin"]
[Date "1899-12-30"]
[Round "9.38"]
[White "Piechota, Kamil"]
[Black "Smetek, Michal"]
[Result "1/2-1/2"]
[WhiteTitle "I"]
[BlackTitle "I++"]
[WhiteElo "1685"]
[BlackElo "1956"]

1. e4 c6 2. d4 d5 3. exd5 cxd5 4. Bd3 Nc6 5. c3 Qc7 6. Ne2 Nf6 7. Bf4 Qd8 8. O-O
g6 9. Nd2 Bg7 10. Nf3 O-O 11. Qd2 Bf5 12. Bxf5 gxf5 13. Bh6 Ne4 14. Qc1 e6 15.
Bxg7 Kxg7 16. Ng3 Kh8 17. Nxe4 dxe4 18. Nd2 Rg8 19. Nc4 b5 20. Na3 a6 21. f3 exf3
22. Rxf3 Qd5 23. Qf1 Rg4 24. Nc2 Qd6 25. Qf2 Ne7 26. Ne3 Rg6 27. Qh4 Rag8 28.
g3 Nd5 29. Raf1 Nf6 30. Qf4 Qxf4 31. Rxf4 Nh5 32. Rh4 Rg5 33. Ng2 Nf6 34. Ne1
Rc8 35. Nf3 Rg4 36. Rxg4 Nxg4 37. h3 Ne3 38. Re1 Nc4 39. Re2 Kg7 40. Kf2 Kf6 41.
Ne1 Nd6 42. Nd3 Ne4+ 43. Kf3 Ng5+ 44. Kg2 Ne4 45. Kf3 1/2-1/2

[Event "Druzynowe Mistrzostwa Polski Juniorow - I Liga 2023"]
[Site "Lublin"]
[Date "1899-12-30"]
[Round "9.39"]
[White "Ladon, Tymoteusz"]
[Black "Niesporek, Franciszek"]
[Result "0-1"]
[WhiteTitle "II"]
[BlackTitle "I"]
[WhiteElo "1336"]
[BlackElo "1644"]

1. e4 c5 2. Nf3 d6 3. d4 cxd4 4. Nxd4 Nf6 5. Nc3 a6 6. Bc4 e6 7. a3 b5 8. Ba2 Be7
9. Be3 O-O 10. O-O Bb7 11. Bxe6 fxe6 12. Nxe6 Qc8 13. Nxf8 Qxf8 14. f3 Nbd7 15.
Bf4 Ne5 16. Bxe5 dxe5 17. Qe2 Bc5+ 18. Kh1 Bd4 19. Nd1 Nh5 20. g3 g6 21. c3 Bb6
22. Nf2 Nf6 23. Nd3 Re8 24. h4 Qf7 25. Kh2 Qe6 26. Rad1 Rf8 27. Nb4 a5 28. Nc2
Bc8 29. g4 h5 30. Qd2 hxg4 31. Rg1 Bxg1+ 32. Rxg1 Kg7 33. Ne3 Rh8 34. fxg4 Rxh4+
35. Kg3 Nxe4+ 36. Kxh4 Nxd2 37. Nf5+ Qxf5 38. gxf5 Nf3+ 39. Kg3 Nxg1 40. Kf2 Nh3+
41. Kg3 Bxf5 42. Kh4 e4 43. c4 bxc4 44. b4 cxb3 0-1

[Event "Druzynowe Mistrzostwa Polski Juniorow - I Liga 2023"]
[Site "Lublin"]
[Date "1899-12-30"]
[Round "9.40"]
[White "Karwot, Marek"]
[Black "Iwan, Patryk"]
[Result "1/2-1/2"]
[WhiteTitle "II+"]
[BlackTitle "II"]
[WhiteElo "1594"]
[BlackElo "1247"]

1. e4 c5 2. c3 Nf6 3. e5 Nd5 4. Nf3 Nc6 5. Bc4 Nb6 6. Bb3 d6 7. exd6 Qxd6 8. O-O
g6 9. d4 cxd4 10. cxd4 Bg7 11. Be3 O-O 12. Nc3 Bg4 13. h3 Bxf3 14. Qxf3 Rad8 15.
Rfd1 Rd7 16. Rac1 Qf6 17. Qe4 Na5 18. Ba4 Nxa4 19. Nxa4 b6 20. d5 Qf5 21. Qxf5
gxf5 22. b4 Nb7 23. Bd4 Bh6 24. Rc3 Rfd8 25. Rg3+ Kf8 26. Nc3 Nd6 27. Kf1 Ne4
28. Rgd3 Nxc3 29. Bxc3 Bg7 30. Bxg7+ Kxg7 31. Ke2 Kf6 32. f4 Rc8 33. a3 h5 34.
g3 Rcd8 35. b5 Rd6 36. a4 R8d7 37. Rc1 Rd8 38. Rc7 R8d7 39. Rc6 Kg7 40. Rd4 Rd8
41. Ke3 R8d7 42. Rd1 Rd8 43. Rd4 R8d7 44. Rc8 e6 45. dxe6 Rxe6+ 46. Kd3 Rxd4+
47. Kxd4 Re4+ 48. Kd5 Rxa4 49. Ra8 Ra5 50. Kc6 Kh7 51. Rf8 Kg7 1/2-1/2

[Event "Druzynowe Mistrzostwa Polski Juniorow - I Liga 2023"]
[Site "Lublin"]
[Date "1899-12-30"]
[Round "9.41"]
[White "Pastuszko, Katarzyna"]
[Black "Bugaj, Hanna"]
[Result "0-1"]
[WhiteTitle "I++"]
[BlackTitle "I++"]
[WhiteElo "1312"]
[BlackElo "1657"]

1. e4 d5 2. exd5 Qxd5 3. Nf3 Bg4 4. Be2 Nc6 5. d4 e6 6. O-O O-O-O 7. Be3 Nf6 8.
c4 Qd7 9. Nc3 Bxf3 10. Bxf3 Nxd4 11. Bxd4 Qxd4 12. Qb3 Qb6 13. Qc2 c6 14. a3 g5
15. b4 g4 16. Be2 Be7 17. Rfb1 Qd4 18. b5 c5 19. a4 Bd6 20. a5 h5 21. Na4 Qe5
22. g3 h4 23. a6 b6 24. Nxb6+ axb6 25. a7 Kc7 26. Bf1 h3 27. Ra6 Nd7 28. Rba1
Ra8 29. Be2 f5 30. Bf1 Kd8 31. Rd1 Ke7 32. Qd2 Rhd8 33. Qg5+ Qf6 34. Qd2 Bc7 35.
Qc2 Ne5 36. Rxd8 Nf3+ 37. Kh1 Bxd8 38. Ra2 Qd4 39. Be2 Qxf2 40. Bxf3 Qxc2 41.
Rxc2 gxf3 0-1

[Event "Druzynowe Mistrzostwa Polski Juniorow - I Liga 2023"]
[Site "Lublin"]
[Date "1899-12-30"]
[Round "9.42"]
[White "Rduch, Diana"]
[Black "Malicka, Magdalena"]
[Result "1/2-1/2"]
[WhiteTitle "I"]
[BlackTitle "I++"]
[WhiteElo "1129"]
[BlackElo "1260"]

1. e4 e5 2. Nf3 Nc6 3. Bc4 Bc5 4. c3 Nf6 5. d3 d6 6. O-O h6 7. Re1 a6 8. a4 Bd7
9. d4 exd4 10. cxd4 Bb4 11. Bd2 Bxd2 12. Nbxd2 Bg4 13. Qb3 O-O 14. Qxb7 Na5 15.
Qb4 Nxc4 16. Qxc4 Bxf3 17. Nxf3 Nxe4 18. d5 Nf6 19. Rac1 Rb8 20. Qxa6 Nxd5 21.
Qc4 Nb6 22. Qc6 Nd7 23. Rb1 Nc5 24. a5 Rb4 25. Re3 Qb8 26. Rbe1 Ne6 27. Qc3 Rxb2
28. Nd4 Nxd4 29. Qxd4 Rb1 30. h3 Qb5 31. Rxb1 Qxb1+ 32. Kh2 Qa2 33. Rg3 g6 34.
Qf4 Kh7 35. Qf6 Qxa5 36. Qe7 Kg7 37. Rxg6+ Kxg6 38. Qxf8 Qe5+ 39. g3 h5 40. Qg8+
Kf6 41. Qd8+ Qe7 42. Qh8+ Kg6 43. Qg8+ 1/2-1/2

[Event "Druzynowe Mistrzostwa Polski Juniorow - I Liga 2023"]
[Site "Lublin"]
[Date "1899-12-30"]
[Round "9.43"]
[White "Serewa, Antoni"]
[Black "Dziendziel, Mateusz"]
[Result "1/2-1/2"]
[WhiteTitle "I"]
[BlackTitle "I++"]
[WhiteElo "1695"]
[BlackElo "2091"]

1. d4 d5 2. c4 c6 3. Nf3 Nf6 4. Nc3 e6 5. Bg5 Nbd7 6. e3 Qa5 7. Nd2 Bb4 8. Qc2
dxc4 9. Bxf6 Nxf6 10. Nxc4 Qc7 11. g3 O-O 12. Bg2 c5 13. O-O Bd7 14. Ne5 cxd4
15. exd4 Bb5 16. Rfc1 Ba6 17. Qb3 Qe7 18. a3 Ba5 19. Na4 Qd6 20. Nc5 Rab8 21.
Nc4 Bxc4 22. Qxc4 Qe7 23. b4 Bb6 24. Re1 Rfd8 25. Rad1 h6 26. h3 Qc7 27. Qb3 Re8
28. Rc1 Bxc5 29. dxc5 e5 30. Rcd1 b6 31. cxb6 Rxb6 32. Re3 Qb8 33. Qc3 Rbe6 34.
Rde1 e4 35. Qd4 Qa8 36. f3 Rd8 37. Qb2 exf3 38. Bxf3 Rxe3 39. Rxe3 Qb8 40. Qf2
Qc7 41. Kg2 Qc1 42. a4 Qb1 43. Re2 Rd7 44. Qe1 Qb3 45. a5 a6 46. Re7 Rd6 47. Qc1
Qa2+ 48. Re2 Qa4 49. Qc8+ Kh7 50. Qc2+ Qxc2 51. Rxc2 Rd4 52. Rc6 Rxb4 53. Rxa6
Rb2+ 54. Kg1 Ra2 55. Ra8 Kg6 56. a6 Kf5 57. Rf8 Rxa6 58. Rxf7 g6 59. Re7 h5 60.
Re2 Ra3 61. Kg2 Rb3 62. Rf2 Ke5 63. Re2+ Kf5 1/2-1/2

[Event "Druzynowe Mistrzostwa Polski Juniorow - I Liga 2023"]
[Site "Lublin"]
[Date "1899-12-30"]
[Round "9.44"]
[White "Herwy, Jakub"]
[Black "Rzenca, Jerzy"]
[Result "1/2-1/2"]
[WhiteTitle "I++"]
[BlackTitle "I"]
[WhiteElo "1826"]
[BlackElo "1710"]

1. e4 c6 2. Nc3 d5 3. Nf3 Bg4 4. h3 Bxf3 5. Qxf3 Nf6 6. g3 e6 7. Bg2 Nxe4 8. Nxe4
dxe4 9. Qxe4 Qd5 10. O-O Qxe4 11. Bxe4 Bd6 12. d4 Nd7 13. c4 O-O 14. Rd1 Nf6 15.
Bf3 h6 16. Be3 Rfd8 17. Kg2 e5 18. Rab1 e4 19. Be2 a6 20. a4 Bb4 21. g4 Rab8 22.
f3 exf3+ 23. Bxf3 Re8 24. Bf4 Rbd8 25. Rd3 Ne4 26. Rbd1 Ng5 27. Bxg5 hxg5 28.
d5 Re1 29. Rxe1 Bxe1 30. Rb3 cxd5 31. Bxd5 Rd7 32. Rxb7 Rxb7 33. Bxb7 a5 34. c5
Bb4 35. c6 Bd6 36. Kf3 Kf8 37. Ke4 Ke7 38. Kf5 f6 39. Ba6 Kd8 40. b3 Kc7 41. Bb5
Bb4 42. Ke6 Bc3 43. Kd5 Bb4 44. Be2 Bc3 45. Bf3 Bb4 46. Ke6 Bc3 47. Bg2 Bb4 48.
Kf7 Bc3 49. Kxg7 f5+ 50. Kg6 fxg4 51. hxg4 Bd2 52. Kf5 Be3 53. b4 axb4 54. Ke4
Bf4 55. Kd4 Kb6 56. Bf3 Ka5 57. Bd1 Kb6 58. Kd5 Bc7 59. Bb3 Bf4 60. Bd1 Bc7 61.
Bb3 1/2-1/2

[Event "Druzynowe Mistrzostwa Polski Juniorow - I Liga 2023"]
[Site "Lublin"]
[Date "1899-12-30"]
[Round "9.45"]
[White "Morozov, Artem"]
[Black "Baran, Szymon"]
[Result "1-0"]
[WhiteTitle "II+"]
[BlackTitle "II+"]
[WhiteElo "1370"]
[BlackElo "1343"]

1. e4 c5 2. Nc3 e6 3. g3 Nc6 4. Bg2 a6 5. d3 Nf6 6. f4 d5 7. Nf3 dxe4 8. Nxe4 Nxe4
9. dxe4 Qxd1+ 10. Kxd1 Bd7 11. Be3 Be7 12. Ke2 O-O-O 13. c3 f6 14. Rad1 f5 15.
e5 Nb8 16. Kf2 Bc6 17. Rhe1 Nd7 18. Re2 Nb6 19. Nd2 Bxg2 20. Kxg2 Nc4 21. b3 Nxe3+
22. Rxe3 Rd7 23. Kf2 Rhd8 24. Ke2 c4 25. bxc4 Ba3 26. Ke1 Kc7 27. Rf3 Bb2 28.
c5 Ba3 29. Rf1 Bxc5 30. Ke2 Rd3 31. Nc4 Rxd1 32. Rxd1 Rxd1 33. Kxd1 Bg1 34. Ke2
h6 35. Nd2 Kc6 36. Nf3 Bc5 37. Nd4+ Kd5 38. Kd3 b5 39. Nf3 Be7 40. Nd4 g5 41.
a4 gxf4 42. axb5 axb5 43. gxf4 h5 44. Nxb5 Kc6 45. Nd4+ Kd7 46. c4 Bc5 47. h3
Ba3 48. Ne2 h4 49. Nd4 Bc1 50. Ne2 Ba3 51. Kc3 Bc5 52. Nd4 Bb6 53. Kd3 Bc5 54.
Nb3 Bf2 55. Nd4 Be1 56. Nf3 Bf2 57. Ke2 Bg3 58. Ke3 Kc6 59. Nd4+ Kd7 60. c5 Be1
61. c6+ Kc7 62. Nxe6+ Kxc6 63. Nd4+ Kd5 64. Nxf5 Ke6 65. Ke2 Bc3 66. Nxh4 Bxe5
67. fxe5 Kxe5 68. Kf3 Kf6 69. Kg4 Kg7 70. Nf5+ Kg6 71. h4 Kh7 72. Kg5 Kh8 73.
h5 Kh7 74. h6 Kg8 75. Kg6 Kh8 76. Ne3 Kg8 77. Ng4 Kh8 78. Ne5 1-0

[Event "Druzynowe Mistrzostwa Polski Juniorow - I Liga 2023"]
[Site "Lublin"]
[Date "1899-12-30"]
[Round "9.46"]
[White "Figa, Karolina"]
[Black "Koziel, Leon"]
[Result "1-0"]
[WhiteTitle "I++"]
[BlackTitle "III"]
[WhiteElo "1391"]
[BlackElo "1008"]

1. d4 d5 2. c4 e6 3. Nc3 c5 4. cxd5 exd5 5. Nf3 c4 6. e4 dxe4 7. Ne5 Be6 8. Qa4+
Nd7 9. d5 Bf5 10. g4 Bg6 11. Bxc4 a6 12. Nxd7 b5 13. Nxb5 axb5 14. Bxb5 Rxa4 15.
Ne5+ Ke7 16. Nc6+ Kd6 17. Nxd8 Ra8 18. Bf4+ Kc5 19. Nxf7 Bxf7 20. Bc6 Rc8 21.
Rc1+ Kb6 22. Ke2 Ne7 23. Be3+ Kc7 24. Be8+ Kd8 25. Bxf7 Rxc1 26. Rxc1 g6 27. Bd4
Rg8 28. Bxg8 Nxg8 29. a4 Bb4 30. Bb6+ Kd7 31. a5 Ne7 32. Rc7+ 1-0

[Event "Druzynowe Mistrzostwa Polski Juniorow - I Liga 2023"]
[Site "Lublin"]
[Date "1899-12-30"]
[Round "9.47"]
[White "Giemza, Julia"]
[Black "Obrochta, Lena"]
[Result "1-0"]
[WhiteTitle "I+"]
[BlackTitle "I++"]
[WhiteElo "1577"]
[BlackElo "1639"]

1. e4 c5 2. Nf3 e6 3. d4 cxd4 4. Nxd4 a6 5. Bd3 Bc5 6. Nb3 Be7 7. Qg4 g6 8. Qe2
d6 9. c4 Nd7 10. f4 Qc7 11. O-O Ngf6 12. Nc3 O-O 13. Be3 b6 14. Nd2 Bb7 15. f5
Rfe8 16. fxe6 fxe6 17. Bc2 Bf8 18. Rad1 Rac8 19. Bg5 Bg7 20. Kh1 Kh8 21. Bd3 Rf8
22. Qe3 Ng4 23. Qg3 Nde5 24. Be2 Nf6 25. Qh4 Ned7 26. Rf3 d5 27. exd5 exd5 28.
cxd5 Nxd5 29. Rh3 N5f6 30. Nde4 Rce8 31. Nd6 Re6 32. Nxb7 Qxb7 33. Bc4 Re5 34.
Kg1 b5 35. Bd3 Kg8 36. Bc2 b4 37. Nd5 Re2 38. Nxf6+ Nxf6 39. Qc4+ Qf7 40. Qxe2
1-0

[Event "Druzynowe Mistrzostwa Polski Juniorow - I Liga 2023"]
[Site "Lublin"]
[Date "1899-12-30"]
[Round "9.48"]
[White "Strzoda, Natalia"]
[Black "Opala, Natalia"]
[Result "1/2-1/2"]
[WhiteTitle "I"]
[BlackTitle "I"]
[WhiteElo "1294"]
[BlackElo "1202"]

1. e4 c6 2. d4 d5 3. exd5 cxd5 4. Bd3 Nc6 5. c3 Nf6 6. Bf4 Bg4 7. Qb3 Qd7 8. Nd2
e6 9. Ngf3 Bd6 10. Ne5 Qc7 11. Bb5 O-O 12. Bxc6 bxc6 13. O-O Rfb8 14. Qc2 Bf5
15. Qd1 c5 16. b3 Rd8 17. h3 Ne8 18. g4 Bg6 19. Nxg6 hxg6 20. Bxd6 Nxd6 21. Qe2
cxd4 22. cxd4 Qb6 23. Nf3 Nb5 24. Qd3 Rac8 25. Rac1 Rc6 26. a4 Rxc1 27. Rxc1 Nd6
28. Ne5 Rb8 29. Rc6 Qb4 30. Qc3 Qxc3 31. Rxc3 Ne4 32. Rc7 f6 33. Nxg6 a5 34. Nf4
Ng5 35. Rc3 Rb4 1/2-1/2